Service quality of food panda in Iriga City / (Record no. 25967)
[ view plain ]
| 000 -LEADER | |
|---|---|
| fixed length control field | 01193nam a22003017a 4500 |
| 005 - DATE AND TIME OF LATEST TRANSACTION | |
| control field | 20230829110519.0 |
| 008 - FIXED-LENGTH DATA ELEMENTS--GENERAL INFORMATION | |
| fixed length control field | 230829b |||||||| |||| 00| 0 eng d |
| 040 ## - CATALOGING SOURCE | |
| Original cataloging agency | CSPC LIBRARY |
| 090 ## - LOCALLY ASSIGNED LC-TYPE CALL NUMBER (OCLC); LOCAL CALL NUMBER (RLIN) | |
| Classification number (OCLC) (R) ; Classification number, CALL (RLIN) (NR) | UTH BSHM D384s 2022 |
| 100 ## - MAIN ENTRY--PERSONAL NAME | |
| Personal name | Delos Santos, Mark S., |
| Relator term | author. |
| 245 ## - TITLE STATEMENT | |
| Title | Service quality of food panda in Iriga City / |
| Statement of responsibility, etc. | by Mark S. Delos Santos, Rica May N. Oracion, Karen D. Tanedo and Gilbert O. Velasco. |
| 264 ## - PRODUCTION, PUBLICATION, DISTRIBUTION, MANUFACTURE, AND COPYRIGHT NOTICE | |
| Place of production, publication, distribution, manufacture | Nabua, Camarines Sur : |
| Name of producer, publisher, distributor, manufacturer | Camarines Sur Polytechnic Colleges, |
| Date of production, publication, distribution, manufacture, or copyright notice | 2022. |
| 300 ## - PHYSICAL DESCRIPTION | |
| Extent | xvi, 136 leaves : |
| Other physical details | tables ; |
| Dimensions | 28 cm. |
| Accompanying material | + accompanying material |
| 336 ## - CONTENT TYPE | |
| Source | rdacontent |
| Content type term | text |
| 337 ## - MEDIA TYPE | |
| Source | rdamedia |
| Media type term | unmediated |
| 338 ## - CARRIER TYPE | |
| Source | rdacarrier |
| Carrier type term | volume |
| 502 ## - DISSERTATION NOTE | |
| Dissertation note | Undergraduate Thesis (BSHM) - Hospitality Management. |
| Name of granting institution | Camarines Sur Polytechnic Colleges, 2022. |
| 650 ## - SUBJECT ADDED ENTRY--TOPICAL TERM | |
| Topical term or geographic name entry element | Customer Services. |
| 700 ## - ADDED ENTRY--PERSONAL NAME | |
| Personal name | Oracion, Rica May N., |
| Relator term | author. |
| 700 ## - ADDED ENTRY--PERSONAL NAME | |
| Personal name | Tanedo, Karen D., |
| Relator term | author. |
| 700 ## - ADDED ENTRY--PERSONAL NAME | |
| Personal name | Velasco, Gilbert O., |
| Relator term | author. |
| 700 ## - ADDED ENTRY--PERSONAL NAME | |
| Personal name | Illo, Norel Peter M., |
| Relator term | panelist. |
| 700 ## - ADDED ENTRY--PERSONAL NAME | |
| Personal name | Bulalacao, Rosalie B., |
| Relator term | panelist. |
| 700 ## - ADDED ENTRY--PERSONAL NAME | |
| Personal name | Vera's, Gilma P., |
| Relator term | panelist. |
| 700 ## - ADDED ENTRY--PERSONAL NAME | |
| Personal name | BaƱaria, Russell E., |
| Relator term | adviser. |
| 942 ## - ADDED ENTRY ELEMENTS (KOHA) | |
| Source of classification or shelving scheme | Dewey Decimal Classification |
| Koha item type | Unpublished Materials |
| Suppress in OPAC | No |
| Withdrawn status | Lost status | Source of classification or shelving scheme | Damaged status | Not for loan | Home library | Current library | Shelving location | Date acquired | Total Checkouts | Full call number | Barcode | Date last seen | Copy number | Price effective from | Koha item type |
|---|---|---|---|---|---|---|---|---|---|---|---|---|---|---|---|
| Dewey Decimal Classification | Not For Loan | Main Library | Main Library | Undergraduate Thesis Section | 08/29/2023 | UTH BSHM D384s 2022 | 005955UM | 08/29/2023 | 1-1 | 08/29/2023 | Unpublished Materials |